000 00299nam a22000977a 4500
999 _c11195
_d11195
008 181009b ||||| |||| 00| 0 eng d
020 _a9788177395631
100 _aSHARMA V D
_96951
245 _aINTRODUCTION TO PHYSICAL EDUCATION PART -B PRACTICAL - XII
260 _aNEW DELHI
_bAVICHAL PUBLICATION
_c2018